000
00207nam a22000857a 4500
999
_c
11036
_d
11036
008
180801b ||||| |||| 00| 0 eng d
100
_a
Helfand
_9
6820
245
_a
Photobooth
260
_a
New Delhi
_b
Campfire
_c
2016